Schweizer Politiker 1# - Statistiken

Allgemein
  • Dieses Quiz wurde 15 mal gespielt
  • Das Durchschnittsergebnis liegt bei 7 aus 15
Antwortstatistiken
Bildquiz Antwort % Korrekt
Alain Berset
92%
Albert Rösti
85%
Cédric Wermuth
69%
Roger Köppel
62%
Andreas Glarner
54%
Marcel Dettling
54%
Mattea Meyer
54%
Gerhard Pfister
46%
Jaqueline Badran
46%
Balthasar Glättli
38%
Maja Riniker
38%
Andri Silberschmidt
31%
Thierry Burkart
31%
Martin Candinas
23%
Alfred Heer
15%
Keine übereinstimmenden Quizze gefunden
Verteilung der Resultate
Anzahl Personen mit jedem Resultat
Perzentil nach korrekt beantworteten Fragen
Ihre Resultats-Entwicklung
Sie haben dieses Quiz noch nicht gespielt